Државе које се граниче са Бразилом - Statistics

General Stats
  • This quiz has been taken 454 times
    453 since last reset
  • The average score is 8 of 10
Answer Stats
Дужина
границе
Држава % Correct
1,261 км Аргентина
98%
1,068 км Уругвај
93%
1,365 км Парагвај
90%
1,644 км Колумбија
88%
2,200 км Венецуела
86%
2,995 км Перу
84%
3,423 км Боливија
83%
593 км Суринам
76%
1,606 км Гвајана
73%
730 км Француска (Француска Гвајана)
59%
No matching quizzes found
Score Distribution
Percent of People with Each Score
Percentile by Number Answered
Your Score History
You have not taken this quiz since the last reset